[Event "ch-Nordic 2016"]
[Site "Sastamala FIN"]
[Date "2016.10.22"]
[Round "1.1"]
[White "Percivaldi, Martin"]
[Black "Salomon, Johan"]
[Result "1-0"]
[WhiteTitle "FM"]
[BlackTitle "IM"]
[WhiteElo "2373"]
[BlackElo "2498"]
[WhiteFideId "1508148"]
[BlackFideId "1509500"]
[EventDate "2016.10.22"]

1. Nf3 Nf6 2. c4 b6 3. g3 c5 4. Bg2 Bb7 5. O-O g6 6. b3 Bg7 7. Bb2 O-O 8. d4
cxd4 9. Qxd4 d6 10. Nc3 Nbd7 11. Qd2 a6 12. e3 Rc8 13. Rfd1 Rc5 14. Qe2 Qa8 15.
Ne1 Bxg2 16. Nxg2 Re8 17. Ne1 h5 18. Nd3 Rcc8 19. Nf4 b5 20. cxb5 axb5 21. Nxb5
Ne5 22. Bxe5 dxe5 23. Ng2 Ne4 24. f3 Ng5 25. e4 f5 26. Re1 Rf8 27. Kh1 Qa6 28.
a4 Qe6 29. Nh4 fxe4 30. fxe4 Nh3 31. Rf1 Kh7 32. Rxf8 Rxf8 33. Rf1 Qg4 34. Nf3
h4 35. Qg2 Qxe4 36. gxh4 Rxf3 37. Qxf3 Qxh4 38. Nc3 Ng5 39. Qg3 Qh5 40. Re1 e4
41. Nxe4 Nf3 42. Re3 Be5 43. Ng5+ Nxg5 44. Qxe5 Qd1+ 45. Kg2 Qc2+ 46. Kg3 Kh6
47. Qf4 Qd1 48. Qf8+ 1-0

[Event "ch-Nordic 2016"]
[Site "Sastamala FIN"]
[Date "2016.10.22"]
[Round "1.2"]
[White "Hammer, Jon Ludvig"]
[Black "Blomqvist, Erik"]
[Result "0-1"]
[WhiteTitle "GM"]
[BlackTitle "GM"]
[WhiteElo "2628"]
[BlackElo "2541"]
[WhiteFideId "1503707"]
[BlackFideId "1709437"]
[EventDate "2016.10.22"]

1. g3 c5 2. Bg2 Nc6 3. c4 g6 4. e3 Bg7 5. Ne2 e6 6. d4 cxd4 7. Nxd4 d5 8. cxd5
exd5 9. Nxc6 bxc6 10. Qc2 Qb6 11. Nc3 Nf6 12. Na4 Qc7 13. Bd2 O-O 14. Rc1 Bf5
15. Qd1 Bg4 16. f3 Be6 17. Nc5 Rfe8 18. Bc3 Qe7 19. Bd4 Nd7 20. Bxg7 Kxg7 21.
Qd4+ f6 22. Kf2 a5 23. Rhe1 Reb8 24. b3 Rb4 25. Qc3 Nxc5 26. Qxc5 Qxc5 27. Rxc5
Bd7 28. e4 dxe4 29. Bf1 a4 30. Rc4 Rxc4 31. Bxc4 f5 32. Rd1 Be8 33. fxe4 fxe4
34. Ke3 Kf6 35. Rd6+ Ke7 36. Re6+ Kd7 37. Rxe4 axb3 38. Bxb3 Kd6 39. Rh4 h5 40.
Rd4+ Ke5 41. Re4+ Kf6 42. Rf4+ Ke7 43. h4 c5 44. Re4+ Kf6 45. Re6+ Kf5 46. Rd6
Kg4 47. Kf2 Kh3 48. Kf3 Ra3 49. Kf4 c4 50. Bc2 Rxg3 51. Re6 Bf7 52. Rf6 Rg2 53.
Be4 Rf2+ 54. Bf3 Be8 55. Ke3 Kg3 56. Kd4 0-1

[Event "ch-Nordic 2016"]
[Site "Sastamala FIN"]
[Date "2016.10.22"]
[Round "1.3"]
[White "Karttunen, Mika"]
[Black "Smith, Axel"]
[Result "1/2-1/2"]
[WhiteTitle "IM"]
[BlackTitle "GM"]
[WhiteElo "2450"]
[BlackElo "2506"]
[WhiteFideId "502081"]
[BlackFideId "1707930"]
[EventDate "2016.10.22"]

1. e4 e5 2. Nf3 Nc6 3. d4 exd4 4. Nxd4 Nf6 5. Nxc6 bxc6 6. Qe2 Qe7 7. Nc3 d5 8.
exd5 Nxd5 9. Bg5 Qxe2+ 10. Nxe2 Bc5 11. a3 O-O 12. Bh4 Re8 13. O-O-O Re4 14. Bg3
Ba6 15. Ng1 Bxf1 16. Rxf1 f5 17. f3 Ree8 18. Nh3 Re2 19. Re1 Be3+ 20. Kb1 Rxg2
21. c4 Rb8 22. Be5 Re8 23. f4 Bd2 24. Reg1 Rxg1+ 25. Rxg1 Nxf4 26. Bxf4 Bxf4 27.
Nxf4 Kf7 28. Rg2 h6 29. Re2 Rd8 30. Kc2 Rd4 31. Ne6 Rxc4+ 32. Kd3 Rh4 33. Nd8+
Kf6 34. Nxc6 Rh3+ 35. Kd4 g5 36. Nxa7 f4 37. Ke4 Rb3 38. Nc6 Rb6 39. Rc2 Rb3 40.
Re2 Rb6 41. Nb4 Re6+ 42. Kf3 g4+ 43. Kf2 Rd6 44. Rc2 c5 45. Na2 Kg5 46. Nc3 Kh4
47. Ne2 f3 48. Ng3 Kh3 49. Nf1 h5 50. Rxc5 h4 51. Rc1 Re6 52. Rc2 Ra6 53. Rc3
Re6 54. Rc2 Ra6 55. Rd2 Ra4 56. b4 Rxa3 57. Rb2 Ra6 58. b5 Rb6 59. Ne3 Rf6 60.
Nf1 Rb6 61. Ne3 Rf6 62. Nf1 1/2-1/2

[Event "ch-Nordic 2016"]
[Site "Sastamala FIN"]
[Date "2016.10.22"]
[Round "1.4"]
[White "Sipila, Vilka"]
[Black "Kjartansson, Gudmundur"]
[Result "1-0"]
[WhiteTitle "IM"]
[BlackTitle "IM"]
[WhiteElo "2417"]
[BlackElo "2427"]
[WhiteFideId "505455"]
[BlackFideId "2301318"]
[EventDate "2016.10.22"]

1. e4 e5 2. Nf3 Nf6 3. Nxe5 d6 4. Nf3 Nxe4 5. Nc3 Nxc3 6. dxc3 Be7 7. Be3 Nc6 8.
Qd2 Be6 9. O-O-O Qd7 10. Kb1 Bf6 11. h4 h6 12. Nd4 Bxd4 13. cxd4 d5 14. h5 Ne7
15. f3 Nf5 16. Bf4 Nd6 17. Qa5 b6 18. Qd2 O-O-O 19. g4 f6 20. Ba6+ Kb8 21. Qb4
Rhe8 22. a4 Ka8 23. Rhe1 Qc6 24. Re3 Bc8 25. Rc3 Nc4 26. Bb5 Qb7 27. Bxe8 Rxe8
28. Rcd3 Qc6 29. b3 Nd6 30. Bxd6 Qxd6 31. Qxd6 cxd6 32. Rc3 Kb8 33. Rdd3 f5 34.
gxf5 Re1+ 35. Kb2 Bxf5 36. Re3 Rh1 37. Re8+ Kb7 38. Re7+ Kb8 39. Rce3 Rh2 40.
Re2 Rxh5 41. Rf7 1-0

[Event "ch-Nordic 2016"]
[Site "Sastamala FIN"]
[Date "2016.10.22"]
[Round "1.5"]
[White "Jensson, Einar Hjalti"]
[Black "Ochsner, Bjorn Moller"]
[Result "1/2-1/2"]
[WhiteTitle "IM"]
[BlackTitle "FM"]
[WhiteElo "2378"]
[BlackElo "2428"]
[WhiteFideId "2301067"]
[BlackFideId "1416928"]
[EventDate "2016.10.22"]

1. c4 g6 2. Nc3 Bg7 3. d4 Nf6 4. e4 d6 5. f3 O-O 6. Be3 c5 7. dxc5 dxc5 8. Qxd8
Rxd8 9. Bxc5 Nc6 10. Nge2 b6 11. Ba3 Ba6 12. Nd5 Bxc4 13. Nxe7+ Nxe7 14. Bxe7
Re8 15. Bxf6 Bxf6 16. Nc3 Rac8 17. Kd2 Red8+ 18. Kc2 b5 19. Bxc4 Rxc4 20. Rac1
Rdc8 21. Kb1 Bxc3 22. bxc3 Rxc3 23. Kb2 Rxc1 24. Rxc1 Rd8 25. Rc5 Rd2+ 26. Rc2
Rd3 27. Rc3 Rd2+ 28. Rc2 Rd3 29. Rc3 1/2-1/2

[Event "ch-Nordic 2016"]
[Site "Sastamala FIN"]
[Date "2016.10.23"]
[Round "2.1"]
[White "Salomon, Johan"]
[Black "Ochsner, Bjorn Moller"]
[Result "1-0"]
[WhiteTitle "IM"]
[BlackTitle "FM"]
[WhiteElo "2498"]
[BlackElo "2428"]
[WhiteFideId "1509500"]
[BlackFideId "1416928"]
[EventDate "2016.10.22"]

1. c4 g6 2. Nc3 Bg7 3. Nf3 Nf6 4. e4 d6 5. d4 O-O 6. Be2 e5 7. d5 a5 8. Bg5 h6
9. Be3 Ng4 10. Bd2 f5 11. h3 Nf6 12. exf5 gxf5 13. Qc1 f4 14. g3 e4 15. Nh4 e3
16. fxe3 fxg3 17. Ng6 Re8 18. Rg1 Bxh3 19. Qc2 Qd7 20. Rxg3 Na6 21. e4 Nc5 22.
Nf4 Bg4 23. Bxg4 Nxg4 24. O-O-O Re5 25. Rdg1 h5 26. Nxh5 Rxh5 27. Rxg4 Rh7 28.
Nd1 Re8 29. Bc3 Re7 30. Ne3 1-0

[Event "ch-Nordic 2016"]
[Site "Sastamala FIN"]
[Date "2016.10.23"]
[Round "2.2"]
[White "Kjartansson, Gudmundur"]
[Black "Jensson, Einar Hjalti"]
[Result "1-0"]
[WhiteTitle "IM"]
[BlackTitle "IM"]
[WhiteElo "2427"]
[BlackElo "2378"]
[WhiteFideId "2301318"]
[BlackFideId "2301067"]
[EventDate "2016.10.22"]

1. Nf3 d5 2. d4 c6 3. c4 e6 4. e3 Bd6 5. Bd3 f5 6. O-O Nf6 7. b3 Qe7 8. Bb2 O-O
9. Ne5 Na6 10. cxd5 cxd5 11. Bxa6 bxa6 12. Qc1 a5 13. Ba3 Ba6 14. Bxd6 Qxd6 15.
Re1 Rfc8 16. Qd2 Qb4 17. Qxb4 axb4 18. a3 bxa3 19. Rxa3 Bb5 20. Ra5 a6 21. Na3
Rab8 22. Nxb5 axb5 23. b4 Rb6 24. Rea1 g5 25. Ra7 Rcb8 26. Re7 f4 27. Raa7 fxe3
28. fxe3 1-0

[Event "ch-Nordic 2016"]
[Site "Sastamala FIN"]
[Date "2016.10.23"]
[Round "2.3"]
[White "Smith, Axel"]
[Black "Sipila, Vilka"]
[Result "1/2-1/2"]
[WhiteTitle "GM"]
[BlackTitle "IM"]
[WhiteElo "2506"]
[BlackElo "2417"]
[WhiteFideId "1707930"]
[BlackFideId "505455"]
[EventDate "2016.10.22"]

1. Nf3 Nf6 2. c4 e6 3. e3 g6 4. d4 Bg7 5. Nc3 O-O 6. Be2 c5 7. dxc5 Na6 8. O-O
Nxc5 9. Qc2 d5 10. Rd1 b6 11. b4 Nce4 12. Bb2 Bb7 13. Nxe4 Nxe4 14. Bxg7 Kxg7
15. Nd2 Nf6 16. Bf3 Qe7 17. Qb2 Rfd8 18. Rac1 Rac8 19. cxd5 Rxc1 20. Rxc1 Bxd5
21. g3 e5 22. a3 Qe6 23. Bxd5 Rxd5 24. Qc2 e4 25. Nf1 Ng4 26. Qc8 Rd7 27. Qc4
Qf5 28. Qc3+ Kh6 29. Qc2 Rd6 30. Qe2 Rf6 31. Rc2 Qh5 32. Qd1 Qf5 33. Qe2 Ne5 34.
Nd2 Qh3 35. Qf1 Qg4 36. h3 Qe6 37. Qg2 Nf3+ 38. Nxf3 exf3 39. Qf1 Qb3 40. Qc1
Rd6 41. Kh2 Qd3 42. e4+ Kg7 43. e5 Re6 44. Rc3 Qe2 45. Qe3 Rxe5 46. Qxf3 Qb2 47.
Rb3 Qc2 48. Kg2 Qc7 49. Rc3 Qe7 50. Rc4 a5 51. Qc3 axb4 52. axb4 Qf6 53. Rc6 Re6
54. Qxf6+ Kxf6 55. Rc7 Re4 56. Rc6+ Re6 57. Rc7 Re4 58. Rc6+ Re6 59. Rc7 Re4 60.
Rc6+ 1/2-1/2

[Event "ch-Nordic 2016"]
[Site "Sastamala FIN"]
[Date "2016.10.23"]
[Round "2.4"]
[White "Blomqvist, Erik"]
[Black "Karttunen, Mika"]
[Result "1-0"]
[WhiteTitle "GM"]
[BlackTitle "IM"]
[WhiteElo "2541"]
[BlackElo "2450"]
[WhiteFideId "1709437"]
[BlackFideId "502081"]
[EventDate "2016.10.22"]

1. Nf3 Nf6 2. g3 b5 3. Bg2 Bb7 4. d3 e6 5. O-O Be7 6. e4 d6 7. a4 b4 8. a5 a6 9.
c3 bxc3 10. bxc3 Nbd7 11. Re1 O-O 12. Nbd2 Rb8 13. Qc2 d5 14. e5 Ne8 15. h4 c5
16. Nf1 Bc6 17. c4 Qc7 18. Bf4 Qb7 19. Qe2 Nc7 20. h5 Rfe8 21. h6 g6 22. N1h2
Qa8 23. Ng4 d4 24. Reb1 Rxb1+ 25. Rxb1 Rb8 26. Rxb8+ Qxb8 27. Ng5 Bxg2 28. Kxg2
Qb7+ 29. Ne4 Ne8 30. Qf3 Kf8 31. Bg5 Bxg5 32. Nxg5 Qxf3+ 33. Kxf3 Kg8 34. Kf4
Nb8 35. Ne4 Nc6 36. Nxc5 Nxa5 37. Nxa6 Nc6 38. Nc5 Kf8 39. Nd7+ Ke7 40. Ndf6 Nc7
41. Nxh7 Na6 42. Ng5 Kf8 43. h7 Kg7 44. Nh6 Nd8 45. Nhxf7 Nxf7 46. Nxf7 g5+ 47.
Ke4 1-0

[Event "ch-Nordic 2016"]
[Site "Sastamala FIN"]
[Date "2016.10.23"]
[Round "2.5"]
[White "Percivaldi, Martin"]
[Black "Hammer, Jon Ludvig"]
[Result "1/2-1/2"]
[WhiteTitle "FM"]
[BlackTitle "GM"]
[WhiteElo "2373"]
[BlackElo "2628"]
[WhiteFideId "1508148"]
[BlackFideId "1503707"]
[EventDate "2016.10.22"]

1. d4 d5 2. c4 e6 3. Nf3 a6 4. g3 dxc4 5. Bg2 Bb4+ 6. Nbd2 b5 7. O-O Bxd2 8.
Nxd2 Ra7 9. Ne4 Bb7 10. a4 Nd7 11. axb5 Qa8 12. b6 Nxb6 13. f3 Ne7 14. Nc5 O-O
15. e4 Nc6 16. Be3 Rd8 17. Rf2 Nxd4 18. Bxd4 e5 19. Rd2 exd4 20. Rxd4 Rxd4 21.
Qxd4 h6 22. Bf1 Bc6 23. Bxc4 Nxc4 24. Qxc4 Bb5 25. Qd4 Qc6 26. Rd1 Be2 27. Rd2
Bxf3 28. Kf2 Bg4 29. Ne6 Qxe6 30. Qxa7 Qxe4 31. Qd4 Qf5+ 32. Qf4 Qc5+ 33. Qe3
Qc6 34. Rd8+ Kh7 35. Qd3+ f5 36. Qb3 Qc5+ 37. Kg2 Qc6+ 38. Kf2 Kg6 39. Qe3 Qc2+
40. Rd2 Qc6 41. Rd8 Qc2+ 42. Rd2 Qc4 43. Rd8 Kh7 44. Qe8 Qc5+ 45. Kg2 Qc2+ 46.
Kg1 Qc1+ 47. Kf2 Qxb2+ 48. Kg1 Qc1+ 49. Kf2 Qc2+ 50. Kg1 Qb1+ 51. Kf2 Qa2+ 52.
Kg1 Qa1+ 53. Kf2 Qa2+ 54. Kg1 Bf3 55. Qh8+ Kg6 56. Qe8+ Kh7 57. Qh8+ Kg6 58.
Qe8+ Kf6 59. Qf8+ Kg5 60. Qxg7+ Kh5 61. g4+ Bxg4 62. Qe5 Qb1+ 63. Kf2 Qc2+ 64.
Kg1 Bf3 65. Qe8+ Kh4 66. Qe1+ Kh5 67. Qe8+ Kh4 68. Qe1+ 1/2-1/2

[Event "ch-Nordic 2016"]
[Site "Sastamala FIN"]
[Date "2016.10.24"]
[Round "3.1"]
[White "Hammer, Jon Ludvig"]
[Black "Salomon, Johan"]
[Result "1-0"]
[WhiteTitle "GM"]
[BlackTitle "IM"]
[WhiteElo "2628"]
[BlackElo "2498"]
[WhiteFideId "1503707"]
[BlackFideId "1509500"]
[EventDate "2016.10.22"]

1. d4 Nf6 2. c4 e6 3. Nc3 Bb4 4. e3 O-O 5. Bd3 c5 6. Nf3 d5 7. cxd5 exd5 8. dxc5
Bxc5 9. O-O Bg4 10. b3 Nc6 11. Bb2 Qe7 12. h3 Bh5 13. g4 Bg6 14. Bxg6 hxg6 15.
Nxd5 Nxd5 16. Qxd5 Ba3 17. Bxa3 Qxa3 18. Qd7 Rab8 19. Rfd1 Qb2 20. Kg2 Rfe8 21.
Qc7 Nb4 22. Rac1 Nxa2 23. Rc4 b5 24. Rcd4 Ra8 25. Qb7 Qxb3 26. Qxa8 Rxa8 27.
Rd8+ Kh7 28. Rxa8 f6 29. Ng5+ 1-0

[Event "ch-Nordic 2016"]
[Site "Sastamala FIN"]
[Date "2016.10.24"]
[Round "3.2"]
[White "Karttunen, Mika"]
[Black "Percivaldi, Martin"]
[Result "1/2-1/2"]
[WhiteTitle "IM"]
[BlackTitle "FM"]
[WhiteElo "2450"]
[BlackElo "2373"]
[WhiteFideId "502081"]
[BlackFideId "1508148"]
[EventDate "2016.10.22"]

1. d4 d5 2. c4 c6 3. Nf3 Nf6 4. Nc3 dxc4 5. a4 Bf5 6. Ne5 Nbd7 7. Nxc4 Nb6 8.
Ne5 a5 9. h4 Nbd7 10. Qb3 Nxe5 11. dxe5 Nd7 12. e4 Be6 13. Qxb7 Nxe5 14. Bf4 Rb8
15. Qa7 f6 16. Rd1 Qb6 17. Qxb6 Rxb6 18. Rd2 g6 19. h5 Rg8 20. h6 g5 21. Be3 Rb8
22. Be2 Nc4 23. Bxc4 Bxc4 24. e5 Rg6 25. f3 Rxh6 26. Rxh6 Bxh6 27. exf6 exf6 28.
Ne4 Be6 29. Nxf6+ Kf7 30. Nd7 Rb3 31. Ne5+ Ke8 32. Kf2 Bd5 33. Rc2 Bg7 34. Nxc6
Rxb2 35. Rxb2 Bxb2 36. Nxa5 Bc3 37. Bb6 Kf7 1/2-1/2

[Event "ch-Nordic 2016"]
[Site "Sastamala FIN"]
[Date "2016.10.24"]
[Round "3.3"]
[White "Sipila, Vilka"]
[Black "Blomqvist, Erik"]
[Result "1-0"]
[WhiteTitle "IM"]
[BlackTitle "GM"]
[WhiteElo "2417"]
[BlackElo "2541"]
[WhiteFideId "505455"]
[BlackFideId "1709437"]
[EventDate "2016.10.22"]

1. e4 c5 2. Nf3 d6 3. d4 cxd4 4. Nxd4 Nf6 5. Nc3 a6 6. h3 e6 7. g4 Nfd7 8. Be3
b5 9. a4 b4 10. Nce2 Bb7 11. Ng3 d5 12. Bg2 Nb6 13. Nb3 Nc4 14. Bc5 Nd7 15. Bxf8
Rxf8 16. Qe2 Qc7 17. exd5 O-O-O 18. d6 Nxd6 19. Bxb7+ Kxb7 20. O-O Nb6 21. c4
bxc3 22. Rfc1 Nd5 23. bxc3 g5 24. c4 Nf4 25. Qf3+ Ka7 26. Nd4 1-0

[Event "ch-Nordic 2016"]
[Site "Sastamala FIN"]
[Date "2016.10.24"]
[Round "3.4"]
[White "Jensson, Einar Hjalti"]
[Black "Smith, Axel"]
[Result "0-1"]
[WhiteTitle "IM"]
[BlackTitle "GM"]
[WhiteElo "2378"]
[BlackElo "2506"]
[WhiteFideId "2301067"]
[BlackFideId "1707930"]
[EventDate "2016.10.22"]

1. e4 e5 2. Nf3 Nc6 3. Bb5 a6 4. Bxc6 dxc6 5. O-O Bg4 6. h3 Bh5 7. g4 Bg6 8.
Nxe5 Bd6 9. Nxg6 hxg6 10. Qf3 Qd7 11. d4 O-O-O 12. Nc3 f5 13. e5 Be7 14. Ne2 Nh6
15. g5 Nf7 16. Qg2 f4 17. Bxf4 Rxh3 18. f3 Rdh8 19. Qg4 Qxg4+ 20. fxg4 Nxg5 21.
Kg2 R3h4 22. Kg3 Rh2 23. Ng1 Ne6 24. Be3 Rxc2 25. Rf7 Bh4+ 26. Kf3 Ng5+ 27. Bxg5
Rf2+ 28. Ke4 Rxf7 29. Bf4 Bd8 30. Ne2 Rh4 31. Rg1 g5 32. Be3 Rh2 33. Kd3 Kd7 34.
b3 Rf3 35. Nc3 Be7 36. Ke4 Rhh3 37. Nd1 Ke6 38. a4 a5 39. Rg2 Rfg3 40. Rxg3 Rxg3
41. Nf2 b6 42. Kd3 Kd5 43. Ke2 c5 0-1

[Event "ch-Nordic 2016"]
[Site "Sastamala FIN"]
[Date "2016.10.24"]
[Round "3.5"]
[White "Ochsner, Bjorn Moller"]
[Black "Kjartansson, Gudmundur"]
[Result "1/2-1/2"]
[WhiteTitle "FM"]
[BlackTitle "IM"]
[WhiteElo "2428"]
[BlackElo "2427"]
[WhiteFideId "1416928"]
[BlackFideId "2301318"]
[EventDate "2016.10.22"]

1. Nf3 Nf6 2. c4 b6 3. g3 Bb7 4. Bg2 e6 5. O-O Be7 6. Nc3 Ne4 7. Nxe4 Bxe4 8. d3
Bb7 9. e4 c5 10. Re1 Nc6 11. d4 Nxd4 12. Nxd4 cxd4 13. Qxd4 O-O 14. b3 Qc7 15.
Bf4 Qc6 16. Rad1 Rfd8 17. Rd3 d6 18. Qb2 b5 19. Rc1 Rac8 20. cxb5 Qxb5 21. Rdc3
Qd7 22. Qd2 Rxc3 23. Qxc3 Rc8 24. Qa5 Rxc1+ 25. Bxc1 Qc6 26. Be3 a6 27. Qb6 Qxb6
28. Bxb6 Kf8 29. f3 d5 30. exd5 Bxd5 31. Bf1 Bxf3 32. Bxa6 Ba3 33. Bd3 Ke7 34.
Kf2 Bd5 35. Bd4 g6 36. h4 f6 37. h5 e5 38. hxg6 hxg6 39. Bc3 Bc5+ 40. Ke2 e4 41.
Bc4 Bxc4+ 42. bxc4 Ba3 43. Ke3 f5 44. g4 Ke6 45. gxf5+ gxf5 46. Kd4 Kd6 47. Ke3
Kc5 48. Kf4 Bb4 49. Kxf5 e3 50. Ke4 Bxc3 51. Kxe3 1/2-1/2

[Event "ch-Nordic 2016"]
[Site "Sastamala FIN"]
[Date "2016.10.25"]
[Round "4.1"]
[White "Salomon, Johan"]
[Black "Kjartansson, Gudmundur"]
[Result "0-1"]
[WhiteTitle "IM"]
[BlackTitle "IM"]
[WhiteElo "2498"]
[BlackElo "2427"]
[WhiteFideId "1509500"]
[BlackFideId "2301318"]
[EventDate "2016.10.22"]

1. c4 e6 2. g3 d5 3. Bg2 Nf6 4. Nf3 Be7 5. O-O O-O 6. b3 c5 7. Bb2 Nc6 8. e3 d4
9. exd4 cxd4 10. Re1 Re8 11. Ne5 Nxe5 12. Rxe5 Nd7 13. Re1 e5 14. Ba3 a5 15. d3
Bxa3 16. Nxa3 Nc5 17. Bd5 Bf5 18. Qf3 Qd7 19. Rad1 Re7 20. Rd2 Bg4 21. Qg2 Kh8
22. f3 Be6 23. Bxe6 Rxe6 24. Nc2 f5 25. b4 axb4 26. Nxb4 b5 27. Rc2 e4 28. fxe4
fxe4 29. cxb5 Qxb5 30. Rec1 Re5 31. Rc4 Rae8 32. dxe4 Rxe4 33. Qf2 d3 34. Rxe4
Nxe4 35. Qd4 d2 36. Rf1 Nxg3 37. hxg3 Qxf1+ 38. Kxf1 Re1+ 39. Kf2 d1=Q 0-1

[Event "ch-Nordic 2016"]
[Site "Sastamala FIN"]
[Date "2016.10.25"]
[Round "4.2"]
[White "Smith, Axel"]
[Black "Ochsner, Bjorn Moller"]
[Result "1/2-1/2"]
[WhiteTitle "GM"]
[BlackTitle "FM"]
[WhiteElo "2506"]
[BlackElo "2428"]
[WhiteFideId "1707930"]
[BlackFideId "1416928"]
[EventDate "2016.10.22"]

1. c4 c5 2. e3 Nf6 3. d4 cxd4 4. exd4 d5 5. Nc3 Nc6 6. Nf3 g6 7. cxd5 Nxd5 8.
Qb3 e6 9. Bg5 Be7 10. Bh6 Bf8 11. Bg5 Be7 12. Bh6 Bf8 13. Bxf8 Kxf8 14. Bb5 Na5
15. Qa3+ Kg7 16. O-O b6 17. b4 a6 18. Bd3 Qd6 19. Nxd5 exd5 20. Qc3 Nc6 21. a3
Be6 22. Qb2 Rhc8 23. Rac1 a5 24. b5 Ne7 25. h3 Rxc1 26. Rxc1 Rc8 27. Rxc8 Bxc8
28. Qc3 f6 29. Nh2 Be6 30. Nf1 Qd7 1/2-1/2

[Event "ch-Nordic 2016"]
[Site "Sastamala FIN"]
[Date "2016.10.25"]
[Round "4.3"]
[White "Blomqvist, Erik"]
[Black "Jensson, Einar Hjalti"]
[Result "1-0"]
[WhiteTitle "GM"]
[BlackTitle "IM"]
[WhiteElo "2541"]
[BlackElo "2378"]
[WhiteFideId "1709437"]
[BlackFideId "2301067"]
[EventDate "2016.10.22"]

1. Nf3 d5 2. d4 Nf6 3. Bf4 c5 4. e3 Nc6 5. Nbd2 Qb6 6. dxc5 Qxb2 7. Rb1 Qc3 8.
Bb5 e6 9. O-O Qxc5 10. c4 a6 11. Bxc6+ bxc6 12. Qa4 Bd7 13. Ne5 Qa3 14. Qc2 Rd8
15. Rb7 Be7 16. Rc1 O-O 17. c5 h6 18. Nd3 Rc8 19. Be5 Rfd8 20. Bb2 1-0

[Event "ch-Nordic 2016"]
[Site "Sastamala FIN"]
[Date "2016.10.25"]
[Round "4.4"]
[White "Percivaldi, Martin"]
[Black "Sipila, Vilka"]
[Result "1-0"]
[WhiteTitle "FM"]
[BlackTitle "IM"]
[WhiteElo "2373"]
[BlackElo "2417"]
[WhiteFideId "1508148"]
[BlackFideId "505455"]
[EventDate "2016.10.22"]

1. d4 f5 2. Nf3 Nf6 3. g3 e6 4. Bg2 d5 5. c4 c6 6. O-O Bd6 7. b3 Qe7 8. Bb2 O-O
9. Qc1 Bd7 10. Ba3 Be8 11. Bxd6 Qxd6 12. Ne5 dxc4 13. Qxc4 Nbd7 14. Nxd7 Nxd7
15. Nc3 Nb6 16. Qc5 Qxc5 17. dxc5 Nd7 18. b4 e5 19. e4 f4 20. Bh3 g5 21. Be6+
Kg7 22. Rad1 Nf6 23. Rd6 Bh5 24. f3 Rfd8 25. g4 Rxd6 26. cxd6 Be8 27. Na4 Rd8
28. Rd1 b6 29. Nb2 Nd7 30. Bf5 Bg6 31. Nc4 Kf6 32. Rd3 Bf7 33. Nb2 Nf8 34. d7
Bxa2 35. Rd6+ Be6 36. Rxc6 Rxd7 37. Nc4 Rd1+ 38. Kf2 Rb1 39. Nd6 Rb2+ 40. Kg1
Rb1+ 41. Kf2 Rxb4 42. Rc7 Rb2+ 43. Kg1 Nd7 44. Rxa7 Rd2 45. Ne8+ Kf7 46. Nc7
Bxf5 47. gxf5 Rd6 48. Nd5 Kg8 49. Rxd7 1-0

[Event "ch-Nordic 2016"]
[Site "Sastamala FIN"]
[Date "2016.10.25"]
[Round "4.5"]
[White "Hammer, Jon Ludvig"]
[Black "Karttunen, Mika"]
[Result "1-0"]
[WhiteTitle "GM"]
[BlackTitle "IM"]
[WhiteElo "2628"]
[BlackElo "2450"]
[WhiteFideId "1503707"]
[BlackFideId "502081"]
[EventDate "2016.10.22"]

1. Nf3 Nf6 2. g3 b5 3. e3 c6 4. c4 a6 5. b3 d5 6. Bg2 e6 7. O-O Be7 8. d4 O-O 9.
c5 Nfd7 10. a4 bxa4 11. Rxa4 f5 12. Bd2 Ra7 13. Ba5 Qe8 14. b4 g5 15. Ne5 g4 16.
Nd2 Bf6 17. Nd3 Bg5 18. Re1 h5 19. Bb6 Rb7 20. Nb3 Nf6 21. Na5 Rh7 22. Ne5 h4
23. Kf1 Nfd7 24. Bc7 Nxe5 25. Bxe5 Nd7 26. Bf4 Bxf4 27. exf4 Nf6 28. Ke2 Kg7 29.
Ra1 Kg6 30. Qd3 Rfh8 31. Rh1 Qd7 32. Ke3 Qc7 33. Qc2 Bd7 34. Qa4 Be8 35. Nb3 Qb8
36. Rab1 Bd7 37. Rhg1 hxg3 38. hxg3 Rh2 39. Nc1 Rxg2 40. Rxg2 Rh1 41. Qc2 Re1+
42. Ne2 Rxb1 43. Qxb1 a5 44. Rh2 Kg7 45. Rh1 axb4 46. Qb3 Ne4 47. Nc1 e5 48.
fxe5 f4+ 49. gxf4 Bf5 50. Nd3 Qb5 51. Qxb4 Qa6 52. Qb8 Qa2 53. Qh8+ Kf7 54. e6+
Kxe6 55. Rh6+ Kf7 56. Ne5+ Ke7 57. Qg7+ Ke8 58. Rh8# 1-0

[Event "ch-Nordic 2016"]
[Site "Sastamala FIN"]
[Date "2016.10.26"]
[Round "5.1"]
[White "Karttunen, Mika"]
[Black "Salomon, Johan"]
[Result "1-0"]
[WhiteTitle "IM"]
[BlackTitle "IM"]
[WhiteElo "2450"]
[BlackElo "2498"]
[WhiteFideId "502081"]
[BlackFideId "1509500"]
[EventDate "2016.10.22"]

1. e4 c6 2. d4 d5 3. e5 Bf5 4. h4 c5 5. g4 Bd7 6. dxc5 Nc6 7. f4 h5 8. g5 Bg4 9.
Be2 Bxe2 10. Nxe2 e6 11. Be3 Nge7 12. Nd4 Nxd4 13. Bxd4 Nf5 14. c3 Qd7 15. Qd3
Be7 16. Nd2 O-O 17. Bf2 Qa4 18. c4 Rfd8 19. Qb3 Qa5 20. Qb5 Qc7 21. O-O-O a6 22.
Qb6 Qxb6 23. cxb6 Rac8 24. Kb1 dxc4 25. Ne4 Rd5 26. Nc3 Rd3 27. Rxd3 cxd3 28.
Rh3 Rc4 29. Rxd3 Rxf4 30. Nd1 Nxh4 31. Rd7 Nf5 32. Rxb7 h4 33. Rb8+ Kh7 34. b7
Rb4 35. a3 Rb5 36. Nc3 Rxb7 37. Rxb7 h3 38. Bg1 Bxg5 39. Bh2 Nh6 40. Ne4 Be3 41.
Kc2 Ng4 42. Rb3 Kg6 43. Kd1 f5 44. exf6 gxf6 45. Ke2 f5 46. Rxe3 1-0

[Event "ch-Nordic 2016"]
[Site "Sastamala FIN"]
[Date "2016.10.26"]
[Round "5.2"]
[White "Sipila, Vilka"]
[Black "Hammer, Jon Ludvig"]
[Result "0-1"]
[WhiteTitle "IM"]
[BlackTitle "GM"]
[WhiteElo "2417"]
[BlackElo "2628"]
[WhiteFideId "505455"]
[BlackFideId "1503707"]
[EventDate "2016.10.22"]

1. e4 e5 2. Nf3 Nc6 3. Bc4 Bc5 4. d3 Nf6 5. O-O O-O 6. Bg5 h6 7. Bh4 Be7 8. Bg3
d6 9. c3 Na5 10. Bb5 a6 11. Ba4 Nh5 12. d4 Nxg3 13. hxg3 Bf6 14. Qd3 b5 15. Bc2
c5 16. d5 Bd7 17. Nbd2 c4 18. Qe2 Qc7 19. Nh4 g6 20. Qe3 Bg5 21. Qe1 Kg7 22. f4
Qb6+ 23. Kh2 Bf6 24. Ndf3 Rae8 25. Qd2 Qd8 26. Qf2 g5 27. Nf5+ Bxf5 28. exf5
exf4 29. gxf4 gxf4 30. a4 Nb7 31. axb5 axb5 32. Nd4 Be5 33. Kg1 Kh8 34. Nxb5 Rg8
35. Nd4 Rg3 36. Ne2 Qh4 37. Nxf4 Reg8 38. Ng6+ fxg6 39. fxg6 Qh3 40. Bf5 Qh5 41.
Rfe1 Rg5 42. Be4 Qh2+ 43. Kf1 Bg7 44. Ra7 Re5 45. Rxb7 Qh1+ 46. Qg1 Qh4 47. g3
Qg4 48. Qg2 Rge8 49. Re2 Ra8 50. Re1 Rae8 51. Re2 Ra8 52. Bf3 Qxg6 53. Rxe5 Bxe5
54. Be4 Rf8+ 55. Ke2 Qg4+ 56. Bf3 Qg5 57. Qh3 Qg6 58. Qg4 Qd3+ 59. Kf2 Rg8 60.
Qh5 0-1